| 000 | 01553nam2a22002531 4500 | ||
|---|---|---|---|
| 001 | rc\3612568 | ||
| 005 | 20250610082434.0 | ||
| 021 |
_aRU _b[72-20522] |
||
| 035 | _a(NLR Aleph) 007817422 | ||
| 090 |
_a7732564 _c7732564 |
||
| 100 | _a20130115d1972 |||y0rusy50 ca | ||
| 101 | 0 | _arus | |
| 102 | _aRU | ||
| 105 | _aa z ||||| | ||
| 200 | 0 | _aЧ. 1 | |
| 210 |
_d1972 [обл. 1971] _aБ. м. |
||
| 215 |
_a64 с. _cчерт. |
||
| 320 | _aСписок лит.: с. 63 (10 назв.) | ||
| 461 | 0 |
_1001rc\3612567 _12001#$aЭкономика энергетики$eУчеб.-метод. пособие по практ. и семинарским занятиям по курсу$eЧ. 1-$fМ-во высш. и сред. спец. образования СССР. Моск. инж.-экон. ин-т им. С. Орджоникидзе. Кафедра экономики и организации энергетики$vЧ. 1 _1700#1$aКонья$bИ.И.$gИрина Иосифовна _97732561 _aКонья, И.И. _cМосква _d1972- _fМ-во высш. и сред. спец. образования СССР. Моск. инж.-экон. ин-т им. С. Орджоникидзе. Кафедра экономики и организации энергетики _nБ. и. _oУчеб.-метод. пособие по практ. и семинарским занятиям по курсу : Ч. 1- _tЭкономика энергетики _vЧ. 1 |
|
| 801 | 0 |
_aRU _bNLR _gpsbo |
|
| 801 | 1 |
_aRU _bELAR _2rusmarc |
|
| 852 |
_aNLR _j72-4/10487 |
||
| 942 | _cBOOK | ||
| 980 | _aNB | ||